| 000 | 00641nam a2200217 4500 | ||
|---|---|---|---|
| 003 | CO-ViMGA | ||
| 020 | _a9789589482599 | ||
| 040 |
_aCO-ViMGA _bspa _cCO-ViMGA |
||
| 082 | 0 | 4 |
_a370.9861 _bR15p _m21 ed. |
| 100 | 1 |
_aRamírez, Edgar A. _97278 |
|
| 245 | 1 | 0 |
_aLa pedagogía frente a la realidad Colombiana / _cÉdgar A. Ramírez. |
| 260 |
_aBogotá : _bEditorial el Búho, _c2007. |
||
| 300 |
_a77 p. ; _b24 cm. |
||
| 504 | _aIncluye bibliografía. | ||
| 650 | 1 | 4 |
_a Historia. _93776 |
| 650 | 1 | 4 |
_aColombia. _97279 |
| 650 | 1 | 4 |
_aFilosofía de la educación _91430 |
| 650 | 1 | 4 |
_aPedagogía. _9703 |
| 942 |
_2ddc _cBK |
||
| 945 | _d27/10/2016 | ||
| 999 |
_c37699 _d37699 |
||